Представление документа в формате RUSMARC

ПолеНазваниеЗначение
  Тип записи c
  Библиографический уровень m
001 Контрольный номер RU/УОНБ/EK_N/413977868
005 Дата корректировки 20250417163522.2
013 Номер (ISMN) __
a Номер (ISMN) M-014-06961-2
d Цена 503 р. 10 к.
071 Издательские номер (звукозапись и ноты) 21
a Номер, присвоенный агентством 31605b
100 Данные общей обработки __
a Данные общей обработки 20130212d1992 u y0rusy0189 ba
101 Язык документа 0_
a Язык текста ger
a Язык текста eng
c Язык оригинала ger
f Язык титульного листа ger
102 Страна публикации __
a Страна публикации DE
125 Кодированные данные звукозаписи и нотных изданий __
a Форма изложения нотного текста z|
128 Кодированные данные (звукозаписи-физические характеристики) __
a Кодированные данные: Музыкальная форма и тональность или лад zz
c Инструменты или голоса, рекомендуемые для солистов (устаревшее) wa||
200 Заглавие и сведения об ответственности 1_
a Заглавие Klassik
210 Выходные данные 1_
d Дата издания cop. 1992
215 Физическое описание __
a Объем 86 c.
327 Примечание о содержании 11
a Примечание о содержании Содерж.: Hoffmeister F. A. 5 Stucke aus : 50 Ferma a Flauto. - Tromlitz J. G. Partita V in e. - Kreith C. 6 Variationen in B op. 55 ; 6 Variationen in D. - Stamitz A. 3 Capricen in A/a ; Caprice in G. - Schneider G. A. Divertissement in f ; Divertissement in A. - Wunderlich J. G. Polonoise in A ; Divertissement Nr. 1 in C ; Grand Solo in A. - Muller A. E. Rondo in Es ; Variationen uber ein Theme favorit von Mozart ; 6 Variationen uber "Jungst sprach mein Herr der Bader". - Weiss F. Capriccio in G op. 3 Nr. 1 ; Capriccio in D op. 3 Nr. 2. - Traeg A. 12 Variationen "Uber die Beschwerden dieses Lebens" ; Fantasie in G op. 2. - Stadler A. Fantasie in G. - Heberle A. Fantasie in A ; Fantasie in C. - Lyndsay Th. The Groves of Blarney ; Kinlock, of Kinlock ; Kitty of Colerain. - Dressler R. "Die Feldflasche", Theme varie. - Kuhlau F. Capriccio in D/d op. 10 Nr. 3 ; Capriccio in G op. 10 Nr. 6. - Keller Ch. Divertissement in C. - Berbiguier B. Tr. 2 Airs varies. - Gebauer M. J. Grand Etude ou Exercice op. 9. - Leister F. Fantasie op. 7.
461 Уровень набора _0
1 2001
a Die Soloflote
d Соло для флейты
e eine Sammlung reprasentativer Werke fur Querflote allein vom Barock bis zur Gegenwart
f hrsg. und Nachwort von Mirjam Nastasi
v Band 2
1 2101
a Frankfurt
c C. F. Peters
d 1991 -
1 001RU/УОНБ/EK_N/413976844
1 2251
a Edition Peters
464 Аналитический уровень _0
1 2001
a Ferma a Flauto
e 5 Stucke aus
1 700 1
a Hoffmeister
b F. A.
g Franz Anton
f 1754-1812
464 Аналитический уровень _0
1 2001
a Partita V in e
1 700 1
a Tromlitz
b J. G.
g Johann Georg
f 1725-1805
464 Аналитический уровень _0
1 2001
a 6 Variationen in B
e op. 55
1 700 1
a Kreith
b C.
g Carl
f 1748-1807
464 Аналитический уровень _0
1 2001
a 6 Variationen in D
1 700 1
a Kreith
b C.
g Carl
f 1748-1807
464 Аналитический уровень _0
1 2001
a 3 Capricen in A/a
1 700 1
a Stamitz
b A.
g Anton
f 1753-1809
464 Аналитический уровень _0
1 2001
a Caprice in G
1 700 1
a Stamitz
b A.
g Anton
f 1753-1809
464 Аналитический уровень _0
1 2001
a Divertissement in f
1 700 1
a Schneider
b G. A.
g Georg Abraham
f 1770-1839
464 Аналитический уровень _0
1 2001
a Divertissement in A
1 700 1
a Schneider
b G. A.
g Georg Abraham
f 1770-1839
464 Аналитический уровень _0
1 2001
a Polonoise in A
1 700 1
a Wunderlich
b J. G.
g Johann Georg
f 1755-1819
464 Аналитический уровень _0
1 2001
a Divertissement Nr. 1 in C
1 700 1
a Wunderlich
b J. G.
g Johann Georg
f 1755-1819
464 Аналитический уровень _0
1 2001
a Grand Solo in A
1 700 1
a Wunderlich
b J. G.
g Johann Georg
f 1755-1819
464 Аналитический уровень _0
1 2001
a Rondo in Es
1 700 1
a Muller
b A. E.
g August Eberhard
f 1767-1817
464 Аналитический уровень _0
1 2001
a Variationen in G
e uber ein Theme favorit von Mozart
1 700 1
a Muller
b A. E.
g August Eberhard
f 1767-1817
464 Аналитический уровень _0
1 2001
a 6 Variationen
e uber "Jungst sprach mein Herr der Bader" op. 12
1 700 1
a Muller
b A. E.
g August Eberhard
f 1767-1817
464 Аналитический уровень _0
1 2001
a Capriccio in G
e op. 3 Nr. 1
1 700 1
a Weiss
b F.
g Franz
f 1778-1830
464 Аналитический уровень _0
1 2001
a Capriccio in D
e op. 3 Nr. 2
1 700 1
a Weiss
b F.
g Franz
f 1778-1830
464 Аналитический уровень _0
1 2001
a 12 Variationen
e sur l'air "uber die Beschwerden dieses Lebens"
1 700 1
a Traeg
b A.
g Andre
464 Аналитический уровень _0
1 2001
a Fantasie in G
e op. 2
1 700 1
a Traeg
b A.
g Andre
464 Аналитический уровень _0
1 2001
a Fantasie in G
1 700 1
a Stadler
b A.
g Anton
f 1753-1812
464 Аналитический уровень _0
1 2001
a Fantasie in A
1 700 1
a Heberle
b A.
g Anton
464 Аналитический уровень _0
1 2001
a Fantasie in C
1 700 1
a Heberle
b A.
g Anton
464 Аналитический уровень _0
1 2001
a The Groves of Blarney
1 700 1
a Lyndsay
b Th.
g Thomas
f Anfang 19. Jh.
464 Аналитический уровень _0
1 2001
a Kinlock, of Kinlock
e Scottish Melody
1 700 1
a Lyndsay
b Th.
g Thomas
f Anfang 19. Jh.
464 Аналитический уровень _0
1 2001
a Kitty of Colerain
e Irish Melody
1 700 1
a Lyndsay
b Th.
g Thomas
f Anfang 19. Jh.
464 Аналитический уровень _0
1 2001
a "Die Feldflasche"
e Theme varie op. 41 Nr. 2
1 700 1
a Dressler
b R.
g Raphael
f 1784-1835
464 Аналитический уровень _0
1 2001
a Capriccio in D/d
e op. 10 Nr. 3
1 700 1
a Kuhlau
b F.
g Friedrich
f 1786-1832
464 Аналитический уровень _0
1 2001
a Capriccio in G
e op. 10 Nr. 6
1 700 1
a Kuhlau
b F.
g Friedrich
f 1786-1832
464 Аналитический уровень _0
1 2001
a Divertissement in C
e op. 16 Nr. 2
1 700 1
a Keller
b Ch.
g Charles
f 1784-1855
464 Аналитический уровень _0
1 2001
a 2 Airs varies
1 700 1
a Berbiguier
b B. Tr.
g Benoit Tranquille
f 1782-1838
464 Аналитический уровень _0
1 2001
a Grand Etude ou Exercice in d/D
e op. 9
1 700 1
a Gebauer
b M. J.
g Michel Joseph
f 1763-1812
464 Аналитический уровень _0
1 2001
a Fantasie in A
e op. 7
1 700 1
a Leister
b F.
g Franz
f um 1800
500 Унифицированное заглавие 10
a Унифицированное заглавие Флейта
606 Тематические рубрики 0_
a Основная рубрика Флейта
x Основная подрубрика Пьесы
610 Ключевые слова 0_
a Ключевые слова флейта
610 Ключевые слова 0_
a Ключевые слова пьесы
610 Ключевые слова 0_
a Ключевые слова барокко
686 Индексы других классификаций __
a Классификационный индекс 85.957.22я43
2 Код системы rubbk
801 Источник записи _0
a Страна RU
b Организация Ульяновская ОНБ
c Дата составления 20130212
g Правила каталогизации RCR
801 Источник записи _1
a Страна RU
b Организация Ульяновская ОНБ
c Дата составления 20130212
g Правила каталогизации RCR
901 Тип документа __
t Тип документа n
w Контрольный № источника RU/УОНБ/EK_N/413976844
909 Создатель записи __
a Создатель записи Сергеева Н. С.
910 Корректоры записи __
a Корректор записи Никитина Т. А.
b Дата внесения изменения в запись 20250417
938 Служебная информация __
a Имя БД noti
b Имя библиотеки УОНБ
c Имя АИБС МАРК-SQL
d Номер DOC_ID в БД 10944